The Oxford English dictionary. Vol.8 (Poy-Ry)

שמור ב:
מידע ביבליוגרפי
פורמט: ספר
שפה:Undetermined
יצא לאור: Oxford Clarendon Press 1961
נושאים:
תגים: הוספת תג
אין תגיות, היה/י הראשונ/ה לתייג את הרשומה!
Thư viện lưu trữ: Trung tâm Học liệu Trường Đại học Cần Thơ
LEADER 00445nam a2200157Ia 4500
001 CTU_25597
008 210402s9999 xx 000 0 und d
082 |a 032 
082 |b M981/Vol.8 
245 4 |a The Oxford English dictionary. Vol.8 (Poy-Ry) 
260 |a Oxford 
260 |b Clarendon Press 
260 |c 1961 
650 |a encyclopedias and dictionaries 
904 |i Minh, 980928 
980 |a Trung tâm Học liệu Trường Đại học Cần Thơ